| 000 | 01375namaa22003251i 4500 | ||
|---|---|---|---|
| 005 | 20260402123834.0 | ||
| 008 | 260402s1995 ua a|||frm||| 000 0 eng d | ||
| 040 |
_aEG-GICUC _beng _cEG-GICUC _dEG-GICUC _erda |
||
| 041 | 0 |
_aeng _beng _bara |
|
| 049 | _aDeposit | ||
| 097 | _aM.Sc | ||
| 099 | _aCai01.11.14.M.Sc.1995.Os.E | ||
| 100 | 0 |
_aOsama Mohamed Ramadan Shahein, _epreparation. |
|
| 245 | 1 | 0 |
_aEsophageal Motility Study in Healthy Control Subjects / _cBy Osama Mohamed Ramadan Shahein ; Supervisors Prof. Dr. Abdel Moeti Hussein Ali, Dr. Ibraheem Galal Khalifa, Dr. Wafik Morsy Sabae |
| 246 | 1 | 5 | _aدراسة حركية المرى عند الاصحاء |
| 264 | 0 | _c1995. | |
| 300 |
_a101 Leaves _billustrations _c30 cm. + |
||
| 336 |
_2rda content _atext |
||
| 337 |
_2rdamedia _aUnmediated |
||
| 338 |
_2rdacarrier _avolume |
||
| 502 | _aThesis (M.Sc.)-Cairo University, 1995 | ||
| 504 | _aBibliography: pages 91-101 | ||
| 653 | 0 | _aEsophageal Motility Study in Healthy Control Subjects | |
| 700 | 0 |
_aAbdel Moeti Hussein Ali _ethesis advisor. |
|
| 700 | 0 |
_aIbraheem Galal Khalifa _ethesis advisor. |
|
| 700 | 0 |
_aWafik Morsy Sabae _ethesis advisor. |
|
| 900 |
_DDepartment of General Surgery _FFaculty of Medicine _UCairo University _b1995 _cAbdel Moeti Hussein Ali _cIbraheem Galal Khalifa _cWafik Morsy Sabae |
||
| 905 | _aNehad | ||
| 942 |
_2ddc _cTH _e21 _n0 |
||
| 999 | _c179148 | ||